Statistics for World Capitals Closest to Kinshasa

Click here to take the quiz!

General Stats

  • This quiz has been taken 33 times
  • The average score is 12 of 15

Answer Stats

kmCapitalmile% Correct
6Brazzaville4
97%
550Luanda341
93%
1658Kigali1030
93%
1880Lusaka1168
90%
1986Kampala1234
90%
1002Yaoundé623
83%
1721Abuja1069
83%
836Libreville519
77%
1827N'Djamena1135
77%
1031Bangui641
73%
1084São Tomé474
70%
1154Malabo717
70%
1624Gitega1009
70%
1850Porto-Novo1149
67%
1948Lomé1211
63%

Score Distribution

Percentile by Number Answered

Percent of People with Each Score

Your Score History

You have not taken this quiz